00678nam a2200181 a 4500003000200000005001700002008004100019050003000060100001800090245012800108260009100236300002800327504004100355650002200396650002200418650002200440650003400462020250205080433.0130830s19uu xx 00 eng d aPGS NX 180.E8b.K49 2013  aKim, Woon Jae aArt involvement and classroom behavior of Grade 6 students of Southville International School and Colleges /cWoon Jae Kim. aLas Piñas City, Philippines :bSouthville International School and Colleges, c2013. a38 p. :bill. ;c28 cm. aIncludes bibliographical references. aArt in education. aArt and children. aStudent behavior. aCreative ability in children.